| 000 | 00757nam a22002297a 4500 | ||
|---|---|---|---|
| 999 |
_c106 _d106 |
||
| 003 | AR-CdUCM | ||
| 008 | 190221b ||||| |||| 00| 0 spa d | ||
| 040 |
_aMUNICIPALIDAD PROVINCIAL DEL CUSCO _cBIBLIOTECA MUNICIPAL DEL CUSCO |
||
| 041 | _hspa | ||
| 082 |
_a898.23 / _bM29 |
||
| 100 |
_aMaugahan, William Somerser _9510 |
||
| 245 |
_aMaquiavelo y la Dama / _cMaugahan, William Somerser |
||
| 260 |
_aBuenos Aires _bAcme Agency _c1947 |
||
| 300 |
_a298 paginas. ; _c21cm |
||
| 505 | _aLa luna y seis pequines -- Camaradas -- Luz en el alma -- La Vanidosa -- El collar de perlas | ||
| 650 |
_aArgentina _9511 |
||
| 650 |
_anovela _9110 |
||
| 650 |
_aContemporaneo _9512 |
||
| 700 |
_ade Goetz, W. _9513 |
||
| 942 |
_2ddc _cLIBROS |
||
| 945 |
_apjha _d2019-02-21 |
||